000 00498nam a2200145Ia 4500
008 140724s9999 xx 000 0 und d
050 _aTR 858
_b.Is81 2011
100 _aIsidro, Reouben D.
245 2 _aA comparative study of visual effects used for the films :
_bResiklo and Ang Panday /
_cReouben D. Isidro.
260 _aLas PiƱas, Philippines :
_bSouthville International School and Colleges,
_cc2011.
300 _a75 p. :
_c28 cm.
521 _aMedia Arts
942 _cTH
999 _c228749
_d228749